Central Library OPAC University of Rajshahi

Fish and fisheries / (Record no. 69774)

MARC details
000 -LEADER
fixed length control field 00681nam a2200241 a 4500
001 - CONTROL NUMBER
control field 69774
003 - CONTROL NUMBER IDENTIFIER
rucl marc code BD-RjUL
005 - DATE AND TIME OF LATEST TRANSACTION
control field 20211209081926.0
008 - FIXED-LENGTH DATA ELEMENTS--GENERAL INFORMATION
fixed length control field 170413m20061997ii a 001 0 eng d
020 ## - INTERNATIONAL STANDARD BOOK NUMBER
International Standard Book Number 8170351715 :
035 ## - SYSTEM CONTROL NUMBER
System control number (BD-RjUL)69986
040 ## - CATALOGING SOURCE
Original cataloging agency ANL
Language of cataloging eng
Transcribing agency ANL
Modifying agency BD-RjUL
041 ## - LANGUAGE CODE
Language code of text/sound track or separate title eng
082 04 - DEWEY DECIMAL CLASSIFICATION NUMBER
Classification number 639.3
Edition number 23
Author mark and year YAF 2006
100 ## - MAIN ENTRY--PERSONAL NAME
Personal name Yadav, B. N.
9 (RLIN) 201162
245 10 - TITLE STATEMENT
Title Fish and fisheries /
Statement of responsibility, etc. B. N. Yadav
250 ## - EDITION STATEMENT
Edition statement 2nd Rev. and Enl. ed.
260 ## - PUBLICATION, DISTRIBUTION, ETC. (IMPRINT)
Place of publication, distribution, etc. Delhi :
Name of publisher, distributor, etc. Daya Pub. House,
Date of publication, distribution, etc. 1997 [Impression 2006].
300 ## - PHYSICAL DESCRIPTION
Pagination 366 p. :
Illustrations ill. ;
Size 22 cm.
500 ## - GENERAL NOTE
General note Include Index.
650 ## - SUBJECT ADDED ENTRY--TOPICAL TERM
Topical term or geographic name as entry element Culture of cold blooded vertebrates
9 (RLIN) 207680
942 ## - ADDED ENTRY ELEMENTS (KOHA)
Source of classification or shelving scheme Dewey Decimal Classification
Koha item type Books
Holdings
Lost status Source of classification or shelving scheme Damaged status Not for loan Collection code Permanent Location Current Location Shelving location Date acquired Source of acquisition Cost, normal purchase price Total Checkouts Full call number Date last seen Copy number Koha item type
  Dewey Decimal Classification   Not For Loan Non-fiction Central Library, University of Rajshahi Central Library, University of Rajshahi Reading Room 09/12/2021 Paragon Enterprises, Dhaka 560.00   639.3 YAF 2006 13/04/2017 C-1 Books